[Event "Alberta op"]
[Site "Calgary CAN"]
[Date "1998.10.12"]
[Round "5"]
[White "Ottosen, David"]
[Black "Walkley, Frank"]
[Result "1-0"]
[WhiteElo "2095"]
[BlackElo "1610"]
[PlyCount "51"]
[GameId "2160767911806279"]
[EventDate "1998.10.10"]
[EventType "swiss"]
[EventRounds "6"]
[EventCountry "CAN"]
[SourceTitle "EXT 2017"]
[Source "ChessBase"]
[SourceDate "2016.10.25"]
[SourceVersion "1"]
[SourceVersionDate "2016.10.25"]
[SourceQuality "1"]

1. e4 e5 2. Nf3 Nc6 3. d4 exd4 4. c3 d3 5. Bxd3 d6 6. O-O Bg4 7. Nbd2 Ne5 8. Be2 Ng6 9. h3 h5 10. Nc4 Bxf3 11. Bxf3 Qh4 12. Qa4+ c6 13. Nb6 Qd8 14. Nxa8 Qxa8 15. Be3 a6 16. Bd4 Ne5 17. Be2 b5 18. Qc2 c5 19. Bxe5 dxe5 20. a4 Qb7 21. axb5 axb5 22. Ra5 c4 23. Rfa1 Bc5 24. Bxc4 Bxf2+ 25. Qxf2 bxc4 26. Ra8+ 1-0

[Event "Alberta op"]
[Site "Calgary CAN"]
[Date "1998.10.12"]
[Round "5"]
[White "Walker, Warrick"]
[Black "Grumic, Sasha"]
[Result "0-1"]
[WhiteElo "2246"]
[BlackElo "2178"]
[PlyCount "79"]
[GameId "2160767911806280"]
[EventDate "1998.10.10"]
[EventType "swiss"]
[EventRounds "6"]
[EventCountry "CAN"]
[SourceTitle "EXT 2017"]
[Source "ChessBase"]
[SourceDate "2016.10.25"]
[SourceVersion "1"]
[SourceVersionDate "2016.10.25"]
[SourceQuality "1"]

1. e4 g6 2. d4 Bg7 3. g3 c5 4. c3 b6 5. Bg2 Bb7 6. Ne2 d6 7. O-O Nd7 8. Be3 Qc7 9. Nd2 Ngf6 10. h3 O-O 11. f4 e6 12. g4 h6 13. Ng3 e5 14. fxe5 dxe5 15. d5 c4 16. Qe2 Rac8 17. Rfc1 Ne8 18. b4 Nd6 19. Rf1 Qd8 20. a4 a5 21. bxa5 bxa5 22. Qf2 Qc7 23. Rfb1 Nc5 24. Bxc5 Qxc5 25. Qxc5 Rxc5 26. Rb6 Rd8 27. Rab1 Bc8 28. Rb8 Bf8 29. Bf1 Be7 30. R8b6 Bd7 31. Rb8 Kf8 32. Rxd8+ Bxd8 33. Rb8 Ke7 34. Ra8 Bxa4 35. Ra7+ Bd7 36. Ra6 a4 37. Nf3 f6 38. Ne2 Ra5 39. Rxa5 Bxa5 40. Nd2 0-1

[Event "Alberta op"]
[Site "Calgary CAN"]
[Date "1998.10.12"]
[Round "6"]
[White "Bishop, Tom"]
[Black "Wong, Ford"]
[Result "0-1"]
[WhiteElo "1929"]
[BlackElo "1956"]
[PlyCount "62"]
[GameId "2160767911806281"]
[EventDate "1998.10.10"]
[EventType "swiss"]
[EventRounds "6"]
[EventCountry "CAN"]
[SourceTitle "EXT 2017"]
[Source "ChessBase"]
[SourceDate "2016.10.25"]
[SourceVersion "1"]
[SourceVersionDate "2016.10.25"]
[SourceQuality "1"]

1. c4 g6 2. d4 Bg7 3. Nf3 Nf6 4. Nc3 d6 5. e4 O-O 6. Be2 Nbd7 7. O-O e5 8. Bg5 h6 9. Bh4 g5 10. Bg3 Nh5 11. d5 Nf4 12. Nd2 Nf6 13. f3 N6h5 14. Bf2 Qd7 15. g4 Nh3+ 16. Kh1 N5f4 17. Bg3 h5 18. gxh5 Bf6 19. h6 Kh7 20. Bxf4 gxf4 21. Bd3 Rg8 22. Ne2 Bh4 23. Qc2 Qe7 24. Nb3 Qg5 25. Ng1 Bf2 26. Qxf2 Nxf2+ 27. Rxf2 Qh4 28. Raf1 Bh3 29. Nxh3 Qxh3 30. c5 Rg5 31. cxd6 Rag8 0-1

[Event "Alberta op"]
[Site "Calgary CAN"]
[Date "1998.10.12"]
[Round "6"]
[White "Bjornson, Jonathan"]
[Black "Tootoosis, Harold"]
[Result "1-0"]
[WhiteElo "1548"]
[BlackElo "1840"]
[PlyCount "87"]
[GameId "2160767911806282"]
[EventDate "1998.10.10"]
[EventType "swiss"]
[EventRounds "6"]
[EventCountry "CAN"]
[SourceTitle "EXT 2017"]
[Source "ChessBase"]
[SourceDate "2016.10.25"]
[SourceVersion "1"]
[SourceVersionDate "2016.10.25"]
[SourceQuality "1"]

1. c4 g6 2. Nc3 Nf6 3. Nf3 Bg7 4. g3 d6 5. Bg2 O-O 6. Rb1 e5 7. d3 Nc6 8. O-O Bg4 9. a3 Qd7 10. b4 Bh3 11. Ng5 Bxg2 12. Kxg2 h6 13. Nge4 Nxe4 14. Nxe4 f5 15. Nd2 Rae8 16. e3 Ne7 17. Qb3 Kh7 18. Bb2 g5 19. d4 Ng6 20. dxe5 dxe5 21. Rbd1 Qe6 22. c5 Qc6+ 23. Kg1 h5 24. Qc4 Qe6 25. Qxe6 Rxe6 26. Nc4 h4 27. Rd7 Rc8 28. Kg2 Nf8 29. Rd5 Rce8 30. Rfd1 Ng6 31. b5 Bf8 32. Rd7+ R6e7 33. Nxe5 g4 34. Nxg6 h3+ 35. Kf1 Kxg6 36. c6 bxc6 37. bxc6 Rf7 38. R1d5 Ree7 39. Bd4 a6 40. Bc5 Re8 41. Rxf7 Kxf7 42. Rxf5+ Kg7 43. Bxf8+ Rxf8 44. Rg5+ 1-0

[Event "Alberta op"]
[Site "Calgary CAN"]
[Date "1998.10.12"]
[Round "6"]
[White "Ficko, Brady"]
[Black "Knapper, Brian"]
[Result "0-1"]
[WhiteElo "2017"]
[BlackElo "2003"]
[PlyCount "50"]
[GameId "2160767911806283"]
[EventDate "1998.10.10"]
[EventType "swiss"]
[EventRounds "6"]
[EventCountry "CAN"]
[SourceTitle "EXT 2017"]
[Source "ChessBase"]
[SourceDate "2016.10.25"]
[SourceVersion "1"]
[SourceVersionDate "2016.10.25"]
[SourceQuality "1"]

1. e4 e5 2. Nf3 Nc6 3. Bb5 f5 4. Nc3 fxe4 5. Nxe4 d5 6. Ng3 Bg4 7. h3 Bxf3 8. Qxf3 Nf6 9. c4 e4 10. Qe2 Bc5 11. O-O O-O 12. cxd5 Nd4 13. Qc4 Qd6 14. b4 Nf3+ 15. Kh1 Bxf2 16. Rxf2 Qxg3 17. gxf3 Qxf2 18. d6+ Kh8 19. Qe2 Qxf3+ 20. Qxf3 exf3 21. dxc7 Rac8 22. Bb2 Rxc7 23. Rf1 Ne4 24. Be5 Rcf7 25. d3 Rf5 0-1

[Event "Alberta op"]
[Site "Calgary CAN"]
[Date "1998.10.12"]
[Round "6"]
[White "Hughey, Micah"]
[Black "Huber, Gregory"]
[Result "0-1"]
[WhiteElo "2097"]
[BlackElo "2354"]
[PlyCount "50"]
[GameId "2160767911806284"]
[EventDate "1998.10.10"]
[EventType "swiss"]
[EventRounds "6"]
[EventCountry "CAN"]
[SourceTitle "EXT 2017"]
[Source "ChessBase"]
[SourceDate "2016.10.25"]
[SourceVersion "1"]
[SourceVersionDate "2016.10.25"]
[SourceQuality "1"]

1. d4 Nf6 2. Nf3 c5 3. c3 e6 4. Bg5 h6 5. Bxf6 Qxf6 6. e4 cxd4 7. cxd4 Bb4+ 8. Nc3 O-O 9. Be2 b6 10. O-O Bb7 11. Qd3 Bxc3 12. bxc3 Qg6 13. e5 Qxd3 14. Bxd3 Bxf3 15. gxf3 Nc6 16. Rfd1 Rac8 17. Rac1 Rfd8 18. Kf1 d6 19. f4 g6 20. Ke2 Ne7 21. Rc2 Nd5 22. Kf3 dxe5 23. fxe5 Rxc3 24. Ke4 Rxc2 25. Bxc2 Nc3+ 0-1

[Event "Alberta op"]
[Site "Calgary CAN"]
[Date "1998.10.12"]
[Round "6"]
[White "Ottosen, David"]
[Black "Kuczaj, Chris"]
[Result "1/2-1/2"]
[WhiteElo "2095"]
[BlackElo "2165"]
[PlyCount "46"]
[GameId "2160767911806285"]
[EventDate "1998.10.10"]
[EventType "swiss"]
[EventRounds "6"]
[EventCountry "CAN"]
[SourceTitle "EXT 2017"]
[Source "ChessBase"]
[SourceDate "2016.10.25"]
[SourceVersion "1"]
[SourceVersionDate "2016.10.25"]
[SourceQuality "1"]

1. e4 c5 2. Nf3 e6 3. d4 cxd4 4. Nxd4 Nc6 5. Nc3 Qc7 6. g3 a6 7. Bg2 Nf6 8. O-O Be7 9. Re1 O-O 10. Nxc6 bxc6 11. e5 Ne8 12. Bf4 d5 13. exd6 Bxd6 14. Bxd6 Nxd6 15. Na4 Rb8 16. b3 c5 17. c4 Nf5 18. Qh5 Bd7 19. Nc3 Bc6 20. Rad1 Bxg2 21. Kxg2 Nd4 22. Qe5 Qb7+ 23. Qe4 Qc7 1/2-1/2

[Event "Alberta op"]
[Site "Calgary CAN"]
[Date "1998.10.12"]
[Round "6"]
[White "Sasata, Robert"]
[Black "Grumic, Sasha"]
[Result "1/2-1/2"]
[WhiteElo "2320"]
[BlackElo "2178"]
[PlyCount "61"]
[GameId "2160767911806286"]
[EventDate "1998.10.10"]
[EventType "swiss"]
[EventRounds "6"]
[EventCountry "CAN"]
[SourceTitle "EXT 2017"]
[Source "ChessBase"]
[SourceDate "2016.10.25"]
[SourceVersion "1"]
[SourceVersionDate "2016.10.25"]
[SourceQuality "1"]

1. d4 Nf6 2. c4 g6 3. Nc3 Bg7 4. e4 d6 5. f3 O-O 6. Bg5 h6 7. Be3 e5 8. Nge2 c6 9. Qd2 Kh7 10. O-O-O Qa5 11. Kb1 b5 12. cxb5 cxb5 13. Nd5 Qxd2 14. Nxf6+ Bxf6 15. Rxd2 b4 16. dxe5 dxe5 17. Bc5 Re8 18. Bxb4 Be6 19. Nc1 Nc6 20. Bc3 Rab8 21. f4 Kg7 22. g3 Red8 23. Rxd8 Rxd8 24. Bb5 Nd4 25. fxe5 Bxe5 26. Rd1 Rb8 27. Ba4 Nf3 28. Bxe5+ Nxe5 29. Bb3 Bg4 30. Rd4 Nf3 31. Rd6 1/2-1/2

[Event "Alberta op"]
[Site "Calgary CAN"]
[Date "1998.10.12"]
[Round "6"]
[White "Vermette, Chris"]
[Black "Tam, Eric"]
[Result "1-0"]
[WhiteElo "1802"]
[BlackElo "1709"]
[PlyCount "87"]
[GameId "2160767911806287"]
[EventDate "1998.10.10"]
[EventType "swiss"]
[EventRounds "6"]
[EventCountry "CAN"]
[SourceTitle "EXT 2017"]
[Source "ChessBase"]
[SourceDate "2016.10.25"]
[SourceVersion "1"]
[SourceVersionDate "2016.10.25"]
[SourceQuality "1"]

1. e4 e6 2. d4 d5 3. Nd2 Nf6 4. e5 Nfd7 5. Bd3 c5 6. c3 Nc6 7. Ne2 Qb6 8. Nf3 Be7 9. O-O f6 10. exf6 Nxf6 11. Re1 cxd4 12. cxd4 O-O 13. Nf4 Nd8 14. Bd2 Bb4 15. Rc1 Bxd2 16. Qxd2 Nf7 17. Bb1 Nd6 18. Ne5 Nde4 19. Bxe4 Nxe4 20. Qe3 Qxb2 21. Re2 Qb6 22. Rec2 Nd6 23. Nh5 Nf5 24. Qg5 Qxd4 25. Nf3 h6 26. Qg6 Ne7 27. Qg3 Rxf3 28. Qxf3 Nc6 29. Qg3 Bd7 30. Rd2 Qe5 31. Qxe5 Nxe5 32. Rc7 Rc8 33. Rdc2 Rd8 34. Rxb7 d4 35. Rd2 Rc8 36. f4 Ng4 37. Rd1 Ne3 38. Rxd4 Rc1+ 39. Kf2 Ng4+ 40. Kg3 Rc3+ 41. Kh4 g5+ 42. fxg5 hxg5+ 43. Kxg5 Rc5+ 44. Kxg4 1-0

[Event "Alberta-ch"]
[Site "Edmonton CAN"]
[Date "1998.04.10"]
[Round "1"]
[White "Gardner, Robert"]
[Black "South, Robert"]
[Result "1-0"]
[WhiteElo "2348"]
[BlackElo "2319"]
[PlyCount "91"]
[GameId "2160767911873492"]
[EventDate "1998.04.10"]
[EventType "tourn"]
[EventRounds "7"]
[EventCountry "CAN"]
[SourceTitle "EXT 2017"]
[Source "ChessBase"]
[SourceDate "2016.10.25"]
[SourceVersion "1"]
[SourceVersionDate "2016.10.25"]
[SourceQuality "1"]

1. e4 g6 2. d4 Bg7 3. Ne2 c5 4. c3 d6 5. dxc5 dxc5 6. Qxd8+ Kxd8 7. Be3 b6 8. Na3 Bb7 9. f3 Nc6 10. O-O-O+ Kc8 11. Nf4 Nf6 12. g3 Rd8 13. Bh3+ e6 14. Nxe6 fxe6 15. Bxe6+ Rd7 16. Bg5 Nd8 17. Bxd7+ Nxd7 18. Nb5 Nf7 19. Nd6+ Nxd6 20. Rxd6 Ne5 21. Rd8+ Kc7 22. Rxa8 Bxa8 23. Bf4 g5 24. Bxe5+ Bxe5 25. Kd2 b5 26. Ke3 b4 27. f4 Bg7 28. cxb4 cxb4 29. Rc1+ Bc6 30. e5 a5 31. Kd4 gxf4 32. gxf4 Bh6 33. Rf1 Bg2 34. Rf2 Bh3 35. f5 Kd7 36. Kd5 Be3 37. e6+ Ke8 38. Re2 Bg5 39. Ke5 Ke7 40. Rc2 Bf6+ 41. Kf4 h6 42. Rc7+ Ke8 43. b3 Bg2 44. Ra7 Bd8 45. Ke5 Bb6 46. Rh7 1-0

[Event "Alberta-ch"]
[Site "Edmonton CAN"]
[Date "1998.04.10"]
[Round "1"]
[White "Odachowski, Arthur"]
[Black "Ottosen, David"]
[Result "0-1"]
[WhiteElo "2297"]
[BlackElo "2158"]
[PlyCount "50"]
[GameId "2160767911873493"]
[EventDate "1998.04.10"]
[EventType "tourn"]
[EventRounds "7"]
[EventCountry "CAN"]
[SourceTitle "EXT 2017"]
[Source "ChessBase"]
[SourceDate "2016.10.25"]
[SourceVersion "1"]
[SourceVersionDate "2016.10.25"]
[SourceQuality "1"]

1. d4 d5 2. c4 c6 3. Nf3 e6 4. Nc3 dxc4 5. a4 Bb4 6. e3 b5 7. Bd2 Bb7 8. b3 a5 9. axb5 Bxc3 10. Bxc3 cxb5 11. bxc4 b4 12. Bb2 Nf6 13. c5 O-O 14. Ne5 Nc6 15. Nc4 Ba6 16. Qa4 Qc7 17. Be2 Nd5 18. Rc1 Rfb8 19. Nb6 Nxb6 20. cxb6 Rxb6 21. Qxa5 Bb7 22. Qg5 h6 23. Qg4 Ra2 24. Rb1 Ne7 25. Bd3 Rxb2 0-1

[Event "Alberta-ch"]
[Site "Edmonton CAN"]
[Date "1998.04.10"]
[Round "1"]
[White "Ristovic, Nenad"]
[Black "Huber, Gregory"]
[Result "0-1"]
[WhiteElo "2324"]
[BlackElo "2349"]
[PlyCount "92"]
[GameId "2160767911873494"]
[EventDate "1998.04.10"]
[EventType "tourn"]
[EventRounds "7"]
[EventCountry "CAN"]
[SourceTitle "EXT 2017"]
[Source "ChessBase"]
[SourceDate "2016.10.25"]
[SourceVersion "1"]
[SourceVersionDate "2016.10.25"]
[SourceQuality "1"]

1. d4 Nf6 2. c4 c5 3. d5 e6 4. Nc3 exd5 5. cxd5 d6 6. g3 g6 7. Bg2 Bg7 8. Nf3 O-O 9. O-O a6 10. a4 Nbd7 11. Nd2 Nh5 12. e4 Rb8 13. Nc4 Ne5 14. Ne3 b5 15. axb5 axb5 16. f4 Nc4 17. Nxc4 bxc4 18. Qe2 Bd4+ 19. Kh1 Rb4 20. f5 f6 21. g4 Ng7 22. Rf3 g5 23. Rh3 Ne8 24. Ra7 Nc7 25. Ra3 Ba6 26. Rh5 Rb3 27. Rxb3 cxb3 28. Qd2 Kg7 29. Ne2 Be5 30. Rh3 Qb8 31. Rf3 h5 32. gxh5 Rh8 33. Rh3 Qb5 34. Bf3 Qa4 35. Kg2 g4 36. Bxg4 Qxe4+ 37. Bf3 Qxf5 38. Nf4 Bxf4 39. Qxf4 Bf1+ 40. Kxf1 Qxh3+ 41. Kf2 Nb5 42. Be2 Rxh5 43. Bxh5 Qxh5 44. h4 Nd4 45. Qg3+ Kf7 46. Bf4 Qe2+ 0-1

[Event "Alberta-ch"]
[Site "Edmonton CAN"]
[Date "1998.04.10"]
[Round "1"]
[White "Yearwood, Roy"]
[Black "Fullbrook, Nigel"]
[Result "1-0"]
[WhiteElo "2253"]
[BlackElo "2323"]
[PlyCount "67"]
[GameId "2160767911873495"]
[EventDate "1998.04.10"]
[EventType "tourn"]
[EventRounds "7"]
[EventCountry "CAN"]
[SourceTitle "EXT 2017"]
[Source "ChessBase"]
[SourceDate "2016.10.25"]
[SourceVersion "1"]
[SourceVersionDate "2016.10.25"]
[SourceQuality "1"]

1. d4 Nf6 2. Nf3 c5 3. d5 e6 4. c4 exd5 5. cxd5 d6 6. e4 g6 7. Bg5 Bg7 8. Nbd2 h6 9. Bh4 g5 10. Bg3 Nh5 11. Bb5+ Bd7 12. Bd3 Nxg3 13. fxg3 b5 14. a4 c4 15. Bc2 Bxb2 16. Rb1 c3 17. O-O O-O 18. Rf2 Na6 19. axb5 Nc7 20. Nc4 Nxb5 21. e5 dxe5 22. Nfxe5 f5 23. d6 Rb8 24. Qd5+ Kg7 25. Re1 Qe8 26. Nxd7 Qxe1+ 27. Rf1 Qe8 28. Nxb8 Qxb8 29. Qe5+ Kg8 30. Bxf5 Nxd6 31. Nxd6 c2 32. Qe6+ Kg7 33. Qg6+ Kh8 34. Qh7# 1-0

[Event "Alberta-ch"]
[Site "Edmonton CAN"]
[Date "1998.04.10"]
[Round "2"]
[White "Fullbrook, Nigel"]
[Black "Huber, Gregory"]
[Result "1/2-1/2"]
[WhiteElo "2323"]
[BlackElo "2349"]
[PlyCount "73"]
[GameId "2160767911873496"]
[EventDate "1998.04.10"]
[EventType "tourn"]
[EventRounds "7"]
[EventCountry "CAN"]
[SourceTitle "EXT 2017"]
[Source "ChessBase"]
[SourceDate "2016.10.25"]
[SourceVersion "1"]
[SourceVersionDate "2016.10.25"]
[SourceQuality "1"]

1. e4 c5 2. c3 d5 3. exd5 Qxd5 4. d4 Nc6 5. Nf3 Nf6 6. Be2 Bg4 7. O-O e6 8. Be3 cxd4 9. cxd4 Bb4 10. Nc3 Qd6 11. h3 Bh5 12. a3 Ba5 13. b4 Bb6 14. d5 exd5 15. Bxb6 axb6 16. Nb5 Qd7 17. Nfd4 Bg6 18. Bg4 Nxg4 19. Re1+ Nge5 20. Nxc6 O-O 21. Nxe5 Qxb5 22. Qd4 Rfc8 23. Re3 Rc2 24. Rd1 Rd8 25. Nxg6 hxg6 26. Re7 Rc4 27. Qe3 d4 28. Qf3 Qf5 29. Qxb7 Rc2 30. Rf1 Qf6 31. Rd7 Rdc8 32. Qd5 Rxf2 33. Rxf2 Rc1+ 34. Kh2 Qxf2 35. Qxd4 Qe1 36. Rd8+ Kh7 37. Rd7 1/2-1/2

[Event "Alberta-ch"]
[Site "Edmonton CAN"]
[Date "1998.04.10"]
[Round "2"]
[White "Ottosen, David"]
[Black "Gardner, Robert"]
[Result "0-1"]
[WhiteElo "2158"]
[BlackElo "2348"]
[PlyCount "154"]
[GameId "2160767911873497"]
[EventDate "1998.04.10"]
[EventType "tourn"]
[EventRounds "7"]
[EventCountry "CAN"]
[SourceTitle "EXT 2017"]
[Source "ChessBase"]
[SourceDate "2016.10.25"]
[SourceVersion "1"]
[SourceVersionDate "2016.10.25"]
[SourceQuality "1"]

1. e4 c5 2. Nf3 e6 3. d4 cxd4 4. Nxd4 a6 5. c4 Qc7 6. Bd3 Nc6 7. Nxc6 bxc6 8. O-O Nf6 9. Nc3 Rb8 10. Qe2 e5 11. Kh1 Bc5 12. Bg5 Ng8 13. Rac1 h6 14. Bh4 g5 15. Bg3 Ne7 16. Na4 Bd4 17. c5 Qa5 18. Rc4 Rb4 19. b3 Rxc4 20. Bxc4 Ng6 21. Qf3 Nf4 22. Qg4 Ke7 23. Qf5 f6 24. Bxf4 exf4 25. Rd1 Kd8 26. Qg6 Kc7 27. Qf7 Be5 28. Be6 Rd8 29. Qe7 Bd4 30. h3 Bxf2 31. Qd6+ Kb7 32. Bc4 Qb4 33. Qxf6 Re8 34. Qg6 Re7 35. Nb2 Bxc5 36. Nd3 Qb6 37. e5 Be3 38. Qf6 Qd8 39. Nb4 Re8 40. Bxa6+ Kb6 41. Qxd8+ Rxd8 42. Bxc8 Rxc8 43. Rxd7 Re8 44. Nd3 Re6 45. b4 Kb5 46. Rd6 Re8 47. e6 Kc4 48. Ne5+ Kxb4 49. Rxc6 Kb5 50. Rd6 Bc5 51. Nf7 Re7 52. a4+ Kxa4 53. Rd5 Kb4 54. Nd8 Kc4 55. Rd7 Re8 56. Rd1 Bb6 57. Rc1+ Kd5 58. Rd1+ Bd4 59. e7 Ke4 60. Nc6 Bb6 61. Rd8 Rxe7 62. Nxe7 Bxd8 63. Nc6 Bf6 64. Kg1 Kd3 65. Nb4+ Ke2 66. Nd5 Bd4+ 67. Kh1 f3 68. gxf3 Kxf3 69. Nc7 Kg3 70. Ne6 Be5 71. Nd8 h5 72. Nf7 Bf4 73. Nh6 Kxh3 74. Nf5 g4 75. Nd4 g3 76. Ne2 g2+ 77. Kg1 Be3# 0-1

[Event "Alberta-ch"]
[Site "Edmonton CAN"]
[Date "1998.04.10"]
[Round "2"]
[White "South, Robert"]
[Black "Ristovic, Nenad"]
[Result "1-0"]
[WhiteElo "2319"]
[BlackElo "2324"]
[PlyCount "95"]
[GameId "2160767911873498"]
[EventDate "1998.04.10"]
[EventType "tourn"]
[EventRounds "7"]
[EventCountry "CAN"]
[SourceTitle "EXT 2017"]
[Source "ChessBase"]
[SourceDate "2016.10.25"]
[SourceVersion "1"]
[SourceVersionDate "2016.10.25"]
[SourceQuality "1"]

1. Nf3 d5 2. c4 e6 3. e3 Nf6 4. Nc3 c6 5. d4 Nbd7 6. Bd3 dxc4 7. Bxc4 b5 8. Be2 Bb7 9. O-O a6 10. b3 c5 11. Bb2 Be7 12. Rc1 O-O 13. Qc2 Rc8 14. Qb1 Qa5 15. Rfd1 cxd4 16. Rxd4 e5 17. Rdd1 b4 18. Na4 e4 19. Nd4 Qg5 20. Rxc8 Rxc8 21. Rc1 Rf8 22. Nc6 Bd6 23. Rc4 h5 24. Qd1 Nd5 25. Bxh5 Rc8 26. h4 Nxe3 27. hxg5 Nxd1 28. Bxd1 Bxc6 29. Bg4 Rc7 30. Rxc6 Rxc6 31. Bxd7 Rc2 32. Bf5 Rd2 33. Kf1 e3 34. fxe3 Bg3 35. Bg4 Rf2+ 36. Kg1 Rd2 37. Bf3 Bf2+ 38. Kh2 Bxe3 39. g6 Bf4+ 40. Kh3 f5 41. Bb7 Rd1 42. g4 Rd2 43. gxf5 a5 44. Kg4 Bc7 45. f6 gxf6 46. Bxf6 Bd8 47. Be5 Be7 48. Nb6 1-0

[Event "Alberta-ch"]
[Site "Edmonton CAN"]
[Date "1998.04.10"]
[Round "2"]
[White "Yearwood, Roy"]
[Black "Odachowski, Arthur"]
[Result "1-0"]
[WhiteElo "2253"]
[BlackElo "2297"]
[PlyCount "65"]
[GameId "2160767911873499"]
[EventDate "1998.04.10"]
[EventType "tourn"]
[EventRounds "7"]
[EventCountry "CAN"]
[SourceTitle "EXT 2017"]
[Source "ChessBase"]
[SourceDate "2016.10.25"]
[SourceVersion "1"]
[SourceVersionDate "2016.10.25"]
[SourceQuality "1"]

1. d4 e6 2. Nf3 b6 3. e4 Bb7 4. Bd3 Nf6 5. Qe2 c5 6. c3 Nc6 7. a3 Na5 8. Nbd2 c4 9. Bc2 Qc7 10. O-O Be7 11. Ne5 Rc8 12. f4 O-O 13. Rf3 d6 14. Rh3 dxe5 15. fxe5 g6 16. exf6 Bxf6 17. e5 Bg7 18. Ne4 Bxe4 19. Qxe4 Qe7 20. Bf4 Nc6 21. Re1 a6 22. Rf3 Rfe8 23. Qe3 b5 24. Bg5 Qa7 25. Bf6 Ne7 26. Qg5 Nd5 27. Rh3 Nxf6 28. exf6 Bf8 29. Re5 Red8 30. Qh4 h6 31. Qf4 Rd5 32. Rxd5 exd5 33. Rxh6 1-0

[Event "Alberta-ch"]
[Site "Edmonton CAN"]
[Date "1998.04.11"]
[Round "3"]
[White "Gardner, Robert"]
[Black "Yearwood, Roy"]
[Result "1/2-1/2"]
[WhiteElo "2348"]
[BlackElo "2253"]
[PlyCount "114"]
[GameId "2160767911873500"]
[EventDate "1998.04.10"]
[EventType "tourn"]
[EventRounds "7"]
[EventCountry "CAN"]
[SourceTitle "EXT 2017"]
[Source "ChessBase"]
[SourceDate "2016.10.25"]
[SourceVersion "1"]
[SourceVersionDate "2016.10.25"]
[SourceQuality "1"]

1. e4 e5 2. Nf3 Nc6 3. Bb5 f5 4. Nc3 Bb4 5. O-O Bxc3 6. dxc3 d6 7. exf5 Bxf5 8. Re1 Nge7 9. Bg5 h6 10. Bxe7 Qxe7 11. Nd4 Bd7 12. f4 O-O 13. Bxc6 bxc6 14. fxe5 dxe5 15. Qe2 Qf7 16. Nf3 Bg4 17. Nxe5 Bxe2 18. Nxf7 Rae8 19. Nd8 c5 20. Nb7 Rf5 21. Na5 Kf7 22. Nb3 Rd5 23. h3 Re4 24. Nc1 Rd2 25. Nxe2 Rexe2 26. Rxe2 Rxe2 27. Rf1+ Ke6 28. Rf2 Re1+ 29. Rf1 Re2 30. Rf2 Re1+ 31. Kh2 Ra1 32. c4 Rxa2 33. b3 Rb2 34. Re2+ Kf6 35. Kg3 a5 36. Kg4 a4 37. bxa4 Rb4 38. Kh5 Rxc4 39. Rf2+ Ke6 40. Kg6 Rxa4 41. g4 Ra3 42. h4 Rh3 43. h5 Rg3 44. Rf4 Ke5 45. Ra4 Kd5 46. Kxg7 c4 47. Kxh6 Rxg4 48. Kh7 Rg2 49. Ra2 Ke6 50. h6 Kf7 51. Ra7 Rxc2 52. Rxc7+ Kf8 53. Kh8 Rh2 54. h7 Rh4 55. Rc5 Kf7 56. Rf5+ Kg6 57. Rf7 Kxf7 1/2-1/2

[Event "Alberta-ch"]
[Site "Edmonton CAN"]
[Date "1998.04.11"]
[Round "3"]
[White "Huber, Gregory"]
[Black "South, Robert"]
[Result "1-0"]
[WhiteElo "2349"]
[BlackElo "2319"]
[PlyCount "69"]
[GameId "2160767911873501"]
[EventDate "1998.04.10"]
[EventType "tourn"]
[EventRounds "7"]
[EventCountry "CAN"]
[SourceTitle "EXT 2017"]
[Source "ChessBase"]
[SourceDate "2016.10.25"]
[SourceVersion "1"]
[SourceVersionDate "2016.10.25"]
[SourceQuality "1"]

1. e4 d5 2. exd5 Nf6 3. d4 Nxd5 4. c4 Nf6 5. Nc3 Bg4 6. Be2 Bxe2 7. Ngxe2 e6 8. O-O Be7 9. Qb3 b6 10. Bf4 O-O 11. Rad1 Nc6 12. Qa4 Na5 13. d5 Qc8 14. Nb5 Ne8 15. Nec3 Bf6 16. Rfe1 a6 17. Nd4 Bxd4 18. Rxd4 c5 19. Rd2 Ra7 20. Rde2 Qd7 21. b3 Nd6 22. Qxd7 Rxd7 23. Bxd6 Rxd6 24. dxe6 fxe6 25. Rxe6 Rfd8 26. Kf1 h6 27. Re8+ Kh7 28. Rxd8 Rxd8 29. Re6 Rd3 30. Nd5 b5 31. Rxa6 bxc4 32. Rxa5 cxb3 33. Ne3 b2 34. Rb5 Rd2 35. Ke1 1-0

[Event "Alberta-ch"]
[Site "Edmonton CAN"]
[Date "1998.04.11"]
[Round "3"]
[White "Odachowski, Arthur"]
[Black "Fullbrook, Nigel"]
[Result "0-1"]
[WhiteElo "2297"]
[BlackElo "2323"]
[PlyCount "56"]
[GameId "2160767911873502"]
[EventDate "1998.04.10"]
[EventType "tourn"]
[EventRounds "7"]
[EventCountry "CAN"]
[SourceTitle "EXT 2017"]
[Source "ChessBase"]
[SourceDate "2016.10.25"]
[SourceVersion "1"]
[SourceVersionDate "2016.10.25"]
[SourceQuality "1"]

1. d4 Nf6 2. c4 c5 3. d5 e6 4. Nc3 exd5 5. cxd5 d6 6. Nf3 g6 7. Bf4 Bg7 8. Qa4+ Bd7 9. Qb3 Qc7 10. e4 O-O 11. Nd2 Re8 12. Be2 b5 13. Nxb5 Bxb5 14. Qxb5 Nbd7 15. Qc6 Qd8 16. Bf3 Rb8 17. O-O Rb6 18. Qa4 Rxb2 19. Qxa7 Ne5 20. Bxe5 Rxd2 21. Bc3 Nxe4 22. Bxd2 Nxd2 23. Qa3 Bxa1 24. Rxa1 Qf6 25. Rd1 Nxf3+ 26. Qxf3 Qxf3 27. gxf3 Kg7 28. a4 Ra8 0-1

[Event "Alberta-ch"]
[Site "Edmonton CAN"]
[Date "1998.04.11"]
[Round "4"]
[White "Fullbrook, Nigel"]
[Black "South, Robert"]
[Result "1-0"]
[WhiteElo "2323"]
[BlackElo "2319"]
[PlyCount "111"]
[GameId "2160767911873503"]
[EventDate "1998.04.10"]
[EventType "tourn"]
[EventRounds "7"]
[EventCountry "CAN"]
[SourceTitle "EXT 2017"]
[Source "ChessBase"]
[SourceDate "2016.10.25"]
[SourceVersion "1"]
[SourceVersionDate "2016.10.25"]
[SourceQuality "1"]

1. e4 c5 2. c3 d6 3. d4 Nf6 4. Bd3 Nc6 5. Ne2 e5 6. d5 Ne7 7. f3 g6 8. Be3 Bg7 9. Bb5+ Nd7 10. c4 O-O 11. Bxd7 Bxd7 12. O-O f5 13. Nd2 f4 14. Bf2 g5 15. b4 b6 16. bxc5 bxc5 17. Nc3 Qa5 18. Qc2 Nc8 19. Rfb1 Rf6 20. a4 Rg6 21. Rb7 Qd8 22. Rab1 h5 23. Nb5 Bxb5 24. R1xb5 a6 25. Rb8 axb5 26. Rxa8 b4 27. a5 Qd7 28. a6 g4 29. Qa2 Kh7 30. a7 gxf3 31. Nxf3 Qg4 32. Ne1 Nxa7 33. Rxa7 f3 34. Qc2 fxg2 35. Qd3 h4 36. h3 Qf4 37. Qe3 Kg8 38. Nxg2 Qxe3 39. Bxe3 Rg3 40. Kh2 Rf3 41. Rd7 Bf8 42. Bg5 Rf2 43. Kg1 Re2 44. Ne3 b3 45. Rb7 b2 46. Kf1 Rh2 47. Nd1 Rh1+ 48. Ke2 Rxh3 49. Rxb2 Rg3 50. Be3 h3 51. Nf2 h2 52. Rb1 Rg1 53. Rf1 Be7 54. Nh1 Rg4 55. Kf3 Rg6 56. Rf2 1-0